Countries With a City Larger Than Their Capital - Statistics

General Stats
  • This quiz has been taken 701 times
    680 since last reset
  • The average score is 21 of 37
Answer Stats
Answer % Correct
United States of America
96%
Brazil
94%
Australia
93%
Canada
93%
China
93%
India
88%
South Africa
87%
New Zealand
83%
Turkey
83%
Nigeria
81%
Pakistan
78%
Vietnam
75%
Morocco
71%
United Arab Emirates
69%
Switzerland
68%
Bolivia
61%
Myanmar
60%
Kazakhstan
59%
Tanzania
57%
Sri Lanka
53%
Belize
48%
Ecuador
48%
Côte d'Ivoire
47%
Syria
43%
Benin
42%
Cameroon
41%
Sudan
38%
Palau
37%
Malta
34%
Liechtenstein
33%
Nauru
30%
San Marino
30%
Taiwan
29%
Philippines
28%
Federated States of Micronesia
24%
Trinidad and Tobago
24%
Monaco
23%
No matching quizzes found
Score Distribution
Percent of People with Each Score
Percentile by Number Answered
Your Score History
You have not taken this quiz since the last reset